Movies Quiz

Random Movies or Star Wars Quiz

Criteria Characters: Star Wars Original Trilogy Quiz Stats

 Plays Quiz Updated Sep 6, 2017

Score 0/12 Timer 07:00
29 Plays Today
% Correct
???
100%
???
84.2%
???
71.6%
???
56%
???
46.2%
???
32.5%
???
27.9%
???
27.1%
???
20.4%
???
20.3%
???
20%
???
20%

You're not logged in!

Compare scores with friends on all Sporcle quizzes.
OR
Log In

Show Comments

Extras

Top Quizzes Today


Score Distribution

Your Account Isn't Verified!

In order to create a playlist on Sporcle, you need to verify the email address you used during registration. Go to your Sporcle Settings to finish the process.

Report this User

Report this user for behavior that violates our Community Guidelines.

Details: